<?xml version="1.0" encoding="UTF-8"?>
<record
    xmlns:xsi="http://www.w3.org/2001/XMLSchema-instance"
    xsi:schemaLocation="http://www.loc.gov/MARC21/slim http://www.loc.gov/standards/marcxml/schema/MARC21slim.xsd"
    xmlns="http://www.loc.gov/MARC21/slim">

  <leader>00484nam a2200145 a 4500</leader>
  <datafield tag="020" ind1=" " ind2=" ">
    <subfield code="a">8126526491 (paperback)</subfield>
  </datafield>
  <datafield tag="020" ind1=" " ind2=" ">
    <subfield code="a">9788126526499 (paperback)</subfield>
  </datafield>
  <datafield tag="082" ind1=" " ind2=" ">
    <subfield code="a">547 SOL</subfield>
  </datafield>
  <datafield tag="100" ind1="1" ind2=" ">
    <subfield code="a">Solomons, Craig B. Fryhle,Robert G. Johnson T.W. Graham.</subfield>
  </datafield>
  <datafield tag="245" ind1="1" ind2="0">
    <subfield code="a">Organic chemistry, study guide and solutions manual, 9th ed /</subfield>
  </datafield>
  <datafield tag="260" ind1=" " ind2=" ">
    <subfield code="a">India</subfield>
    <subfield code="b">Wiley India Pvt Ltd,</subfield>
    <subfield code="c">2010.</subfield>
  </datafield>
  <datafield tag="300" ind1=" " ind2=" ">
    <subfield code="a">1 v. 622</subfield>
  </datafield>
  <datafield tag="856" ind1="4" ind2="0">
    <subfield code="u">http://www.amazon.com/exec/obidos/ASIN/8126526491/chopaconline-20</subfield>
  </datafield>
  <datafield tag="942" ind1=" " ind2=" ">
    <subfield code="c">BK</subfield>
  </datafield>
  <datafield tag="999" ind1=" " ind2=" ">
    <subfield code="c">247</subfield>
    <subfield code="d">247</subfield>
  </datafield>
  <datafield tag="952" ind1=" " ind2=" ">
    <subfield code="0">0</subfield>
    <subfield code="1">0</subfield>
    <subfield code="7">0</subfield>
    <subfield code="8">NFIC</subfield>
    <subfield code="a">IC</subfield>
    <subfield code="b">IC</subfield>
    <subfield code="c">GEN</subfield>
    <subfield code="d">2015-03-01</subfield>
    <subfield code="g">1150.00</subfield>
    <subfield code="l">17</subfield>
    <subfield code="m">2</subfield>
    <subfield code="o">547 SOL</subfield>
    <subfield code="p">006372</subfield>
    <subfield code="r">2025-11-11 11:47:30</subfield>
    <subfield code="s">2025-10-26</subfield>
    <subfield code="w">2015-03-01</subfield>
    <subfield code="y">BK</subfield>
  </datafield>
  <datafield tag="952" ind1=" " ind2=" ">
    <subfield code="0">0</subfield>
    <subfield code="1">0</subfield>
    <subfield code="7">0</subfield>
    <subfield code="8">NFIC</subfield>
    <subfield code="a">IC</subfield>
    <subfield code="b">IC</subfield>
    <subfield code="c">GEN</subfield>
    <subfield code="d">2015-03-01</subfield>
    <subfield code="g">1151.00</subfield>
    <subfield code="l">25</subfield>
    <subfield code="m">1</subfield>
    <subfield code="o">547 SOL</subfield>
    <subfield code="p">006735</subfield>
    <subfield code="r">2024-08-21 15:17:34</subfield>
    <subfield code="s">2024-08-14</subfield>
    <subfield code="y">BINDING </subfield>
  </datafield>
  <datafield tag="952" ind1=" " ind2=" ">
    <subfield code="0">0</subfield>
    <subfield code="1">0</subfield>
    <subfield code="7">0</subfield>
    <subfield code="8">NFIC</subfield>
    <subfield code="a">IC</subfield>
    <subfield code="b">IC</subfield>
    <subfield code="c">GEN</subfield>
    <subfield code="d">2015-03-01</subfield>
    <subfield code="g">1150.00</subfield>
    <subfield code="l">31</subfield>
    <subfield code="m">2</subfield>
    <subfield code="o">547 SOL</subfield>
    <subfield code="p">006507</subfield>
    <subfield code="r">2024-10-20 10:15:05</subfield>
    <subfield code="s">2024-10-08</subfield>
    <subfield code="w">2015-03-01</subfield>
    <subfield code="y">BINDING </subfield>
  </datafield>
  <datafield tag="952" ind1=" " ind2=" ">
    <subfield code="0">0</subfield>
    <subfield code="1">0</subfield>
    <subfield code="7">0</subfield>
    <subfield code="8">NFIC</subfield>
    <subfield code="a">IC</subfield>
    <subfield code="b">IC</subfield>
    <subfield code="c">GEN</subfield>
    <subfield code="d">2015-03-01</subfield>
    <subfield code="g">1150.00</subfield>
    <subfield code="l">2</subfield>
    <subfield code="o">547 SOL</subfield>
    <subfield code="p">006538</subfield>
    <subfield code="r">2025-11-15 12:14:03</subfield>
    <subfield code="s">2025-11-07</subfield>
    <subfield code="w">2015-03-01</subfield>
    <subfield code="y">BK</subfield>
  </datafield>
  <datafield tag="952" ind1=" " ind2=" ">
    <subfield code="0">0</subfield>
    <subfield code="1">0</subfield>
    <subfield code="7">0</subfield>
    <subfield code="8">NFIC</subfield>
    <subfield code="a">IC</subfield>
    <subfield code="b">IC</subfield>
    <subfield code="c">GEN</subfield>
    <subfield code="d">2015-03-07</subfield>
    <subfield code="g">1150.00</subfield>
    <subfield code="l">21</subfield>
    <subfield code="m">1</subfield>
    <subfield code="o">547 SOL</subfield>
    <subfield code="p">006506</subfield>
    <subfield code="r">2025-08-04 10:05:04</subfield>
    <subfield code="s">2025-07-23</subfield>
    <subfield code="w">2015-03-07</subfield>
    <subfield code="y">BINDING </subfield>
  </datafield>
  <datafield tag="952" ind1=" " ind2=" ">
    <subfield code="0">0</subfield>
    <subfield code="1">0</subfield>
    <subfield code="7">0</subfield>
    <subfield code="8">NFIC</subfield>
    <subfield code="a">IC</subfield>
    <subfield code="b">IC</subfield>
    <subfield code="c">GEN</subfield>
    <subfield code="d">2018-08-17</subfield>
    <subfield code="l">23</subfield>
    <subfield code="o">547 SOL</subfield>
    <subfield code="p">006880</subfield>
    <subfield code="r">2025-11-09 10:44:28</subfield>
    <subfield code="s">2025-10-25</subfield>
    <subfield code="y">BK</subfield>
  </datafield>
  <datafield tag="952" ind1=" " ind2=" ">
    <subfield code="0">0</subfield>
    <subfield code="1">0</subfield>
    <subfield code="7">0</subfield>
    <subfield code="a">IC</subfield>
    <subfield code="b">IC</subfield>
    <subfield code="d">2018-08-17</subfield>
    <subfield code="l">19</subfield>
    <subfield code="m">2</subfield>
    <subfield code="o">547 SOL</subfield>
    <subfield code="p">006541</subfield>
    <subfield code="r">2025-11-16 10:30:20</subfield>
    <subfield code="s">2025-11-05</subfield>
    <subfield code="w">2018-08-17</subfield>
    <subfield code="y">BK</subfield>
  </datafield>
  <datafield tag="952" ind1=" " ind2=" ">
    <subfield code="0">0</subfield>
    <subfield code="1">0</subfield>
    <subfield code="7">0</subfield>
    <subfield code="8">NFIC</subfield>
    <subfield code="a">IC</subfield>
    <subfield code="b">IC</subfield>
    <subfield code="c">REF</subfield>
    <subfield code="d">2018-08-28</subfield>
    <subfield code="l">1</subfield>
    <subfield code="o">547 SOL</subfield>
    <subfield code="p">006353</subfield>
    <subfield code="r">2019-12-23 00:00:00</subfield>
    <subfield code="s">2019-09-03</subfield>
    <subfield code="w">2018-08-28</subfield>
    <subfield code="y">REF</subfield>
  </datafield>
</record>
